[Event "MEX ol U16"]
[Site "Mexico City"]
[Date "2001.??.??"]
[Round "?"]
[White "Quijano Xacur, Oscar"]
[Black "Meza Inzunza, Jose Ramon"]
[Result "0-1"]
[WhiteElo "2126"]
[BlackElo "2107"]
[PlyCount "68"]
[EventDate "2001.??.??"]
[EventType "swiss"]
[EventRounds "6"]
[EventCountry "MEX"]
[SourceTitle "EXT 2004"]
[Source "ChessBase"]
[SourceDate "2003.11.25"]
[SourceVersion "1"]
[SourceVersionDate "2003.11.25"]
[SourceQuality "1"]

1. e4 c5 2. g3 Nc6 3. Bg2 d6 4. d3 Nf6 5. f4 Bg4 6. Nf3 e5 7. h3 Bd7 8. fxe5 dxe5 9. Be3 Qc7 10. Nbd2 Be7 11. 0-0 h6 12. Nb3 Nd4 13. Nbd2 Nxf3+ 14. Nxf3 g5 15. Nd2 0-0-0 16. b4 cxb4 17. a3 bxa3 18. Nc4 Be6 19. Nxa3 a6 20. Qe2 g4 21. h4 Nd7 22. c3 Bc5 23. d4 Bxa3 24. d5 Bc5 25. dxe6 fxe6 26. Bxc5 Qxc5+ 27. Kh2 h5 28. Rfb1 Nb8 29. Qa2 Rd6 30. Qb3 Qc6 31. Ra5 b6 32. Rxe5 Nd7 33. Rxe6 Rxe6 34. e5 Nc5 0-1